| 000 | 00926nam a22002297a 4500 | ||
|---|---|---|---|
| 999 |
_c18408 _d18408 |
||
| 003 | AR-CdUCM | ||
| 008 | 190320b ||||| |||| 00| 0 spa d | ||
| 040 |
_aMUNICIPALIDAD PROVINCIAL DEL CUSCO _cBIBLIOTECA MUNICIPAL DEL CUSCO |
||
| 082 |
_a910 / _bT79 |
||
| 100 |
_aTrewartha, Glenn T. _922025 |
||
| 245 | _aGeografía de la población / | ||
| 260 |
_aArgentina : _bMarymar, _c1973.. |
||
| 300 |
_a208 páginas ; _c23 cm. |
||
| 500 | _aTitulo original : A geography of population: World patterns | ||
| 505 | _aContenido : Cifras demográficas - distribución mundial -- Distribución de la población en el pasado -- El periodo moderno --Características de la población distribución mundial... | ||
| 650 |
_aPoblación. _93673 |
||
| 650 |
_aDistribución de la población. _920728 |
||
| 650 |
_aGeografía. _9318 |
||
| 700 |
_aPirk, Ansrés (Traducción) _938982 |
||
| 942 |
_2ddc _cLIBROS |
||
| 945 |
_awnts _d2019-05-13 |
||